Impediments to the development and efficiency of financil intermediation in Brazil (Record no. 283335)

000 -LEADER
fixed length control field 00381cam a22001097a 4500
008 - FIXED-LENGTH DATA ELEMENTS--GENERAL INFORMATION
fixed length control field 180718b2000 xxu||||| |||| 00| 0 eng d
100 ## - MAIN ENTRY--PERSONAL NAME
Personal name Beck, Thorsten
245 ## - TITLE STATEMENT
Title Impediments to the development and efficiency of financil intermediation in Brazil
Statement of responsibility, etc. by Thorsten Beck
260 ## - PUBLICATION, DISTRIBUTION, ETC.
Place of publication, distribution, etc. Washington, D.C.
Name of publisher, distributor, etc. World Bank
Date of publication, distribution, etc. 2000
300 ## - PHYSICAL DESCRIPTION
Extent 15p.
440 ## - SERIES STATEMENT/ADDED ENTRY--TITLE
Title Policy research working paper; 2382
Holdings
Withdrawn status Lost status Damaged status Not for loan Permanent Location Current Location Date acquired Barcode Date last seen Price effective from Koha item type
        Indian Institute of Public Administration Indian Institute of Public Administration 2001-01-17 WB8435 2018-07-20 2018-07-20 WB

Powered by Koha